[Event "GRE-ch U12"]
[Site "Patras"]
[Date "2013.07.09"]
[Round "3.15"]
[White "Zapantes, Pavlos"]
[Black "Hasouris, Georgios"]
[Result "0-1"]
[WhiteElo "1286"]
[BlackElo "1434"]
[PlyCount "60"]
[EventDate "2013.07.08"]
[EventType "swiss"]
[EventRounds "9"]
[EventCountry "GRE"]
[SourceTitle "EXT 2024"]
[Source "ChessBase"]
[SourceDate "2023.10.10"]
[SourceVersion "1"]
[SourceVersionDate "2023.10.10"]
[SourceQuality "1"]

1. e4 c5 2. c3 e6 3. d4 a6 4. Nf3 d6 5. Be3 cxd4 6. cxd4 Ne7 7. Nc3 b5 8. a3 Bb7 9. Bd3 Ng6 10. Qc2 Nd7 11. 0-0 Rc8 12. Qb3 Nf6 13. Rfe1 Be7 14. h3 Nh5 15. a4 0-0 16. axb5 Rb8 17. Qc2 axb5 18. Bxb5 f5 19. Bc4 Qc8 20. b3 fxe4 21. Ng5 Bxg5 22. Bxg5 d5 23. Ba6 Bxa6 24. Rec1 Bd3 25. Qd1 Nhf4 26. Kh2 Qd7 27. g3 Ne2 28. Nxe2 Rxf2+ 29. Kg1 Rxe2 30. b4 Qd6 0-1